000 00331 a2200133 4500
000 nam a22 7a 4500
100 _aShukla, Tushar Dhas
110 _aShukla, Tushar Dhas
245 _aYoga Education
250 _aLatest edition
260 _bKhel Sahitya Kendra
_c2025
264 _bKhel Sahitya Kendra
_c2025
942 _cBK
999 _c393721
_d393721